| 000 | 00523nam a2200193Ia 4500 | ||
|---|---|---|---|
| 003 | GCL | ||
| 008 | 140319s9999 xx 000 0 eng d | ||
| 040 |
_aGCL / _cGCL |
||
| 082 | 0 | 4 |
_a720.956 _bA A |
| 100 | 1 | _aACADEMY EDITIONS | |
| 245 | 1 | 0 |
_aARCHITECTURAL DESIGN JAPANESE ARCHITECTURE II / _cACADEMY EDITIONS |
| 260 |
_a[S.N] : _bACADEMY EDITIONS |
||
| 300 | _a95P | ||
| 650 | 0 | 4 | _aARCHITECTURE |
| 650 | 0 | 4 | _aARCHITECTURE, JAPAN |
| 650 | 0 | 4 | _aARCHITECTURE DESIGN |
| 650 | 0 | 4 | _aARCHITECTURE, MODERN |
| 942 |
_2ddc _cBK |
||
| 999 |
_c12170 _d12170 |
||